00991nab a22002177a 4500003000400000005001700004008004100021040000700062100002900069245008600098260007300184300001200257500004200269505013400311505009000445650002700535650002400562650002700586650002000613773014000633OSt20250311085444.0190604e xxu||||| |||| 00| 0 spa d cPJ aAlgarra, Alejandra M. R.13aEl silencio positivo de la Administración nacional /cAlejandra M. R. Algarra. aCiudad Autónoma de Buenos Aires :bThomson Reuters La Ley, c2025. ap. 5-10 aCita Online: TR LALEY AR/DOC/130/2025 aSumario: I. Introducción.— II. El silencio positivo en la legislación nacional argentina.— III. Consideraciones finales.  t¿Te interesa el texto completo? Solicitalo al correo: koha@justierradelfuego.gov.ar  0aADMINISTRACION PUBLICA 0aACTO ADMINISTRATIVO 0aADMINISTRACION PUBLICA 0aPRONTO DESPACHO0 02714dCiudad Autónoma de Buenos Aires : Thomson Reuters La Ley, 2014-tRevista anales de legislación argentina. Nº 3 - Marzo 2025.